• 首页
  • 本馆介绍
  • 公告通知
  • 最新文献
  • 馆藏检索
  • 电子资源
  • 读者导购
  • 参考咨询
  • 我的图书馆
  • 登录
  • 详细信息显示
  • 放入我的书架
  • 预约/预借图书
  • 作者相关作品
  • 分类相关作品
  • 丛书相关作品
  • 出版社相关作品

书目信息

  • 表格格式
  • 工作单格式
  • 卡片格式
题名:
气象哨天气预报知识
    
 
作者: ;黑龙江农垦大学 编
分册:  
出版信息: 北京   农业出版社  1978
页数: 246页
开本: 19cm
丛书名:
单 册:
中图分类: P45
科图分类:
主题词: 气象哨-天气预报 , 天气预报-气象哨
电子资源:
ISBN:
000 00637nam0 2200229 45
001 0178005631
005 20060921090933.96
010    @dCNY0.55
091    @a13144.180
100    @a19950726d1978 em y0chiy0121 ea
101 0  @achi
102    @aCN@b110000
105    @ay z 000yy
200 10 @a气象哨天气预报知识@Aqi xiang shao tian qi yu bao zhi shi@f黑龙江农垦大学编
210    @a北京@c农业出版社@d1978
215    @a246页@d19cm
606    @a气象哨-天气预报
606    @a天气预报-气象哨
690    @aP45@v3
711 02 @a黑龙江农垦大学@Ahei long jiang nong ken da xue@4编
801  0 @aCN@bTSSF@c20060921
905    @a10447@dP45@e54
    
    气象哨天气预报知识/黑龙江农垦大学编.-北京:农业出版社,1978
    246页;19cm
    
    
    ISBN :CNY0.55
    
●
相关链接 在E读中查询图书 在五车中查询图书 在当当中查询图书 在豆瓣中查询图书


正题名:气象哨天气预报知识     索取号:P45/54         预约/预借

序号 登录号 条形码 馆藏地/架位号 状态 备注
1 0422532   204225329   密集书库/ [索取号:P45/54] 在馆    
2 0458719   204587198   密集书库/ [索取号:P45/54] 在馆    
唐山师范学院图书馆 欢迎您!
大连网信软件有限公司© 版权所有